| 000 | 00875cam a22001934a 4500 | ||
|---|---|---|---|
| 005 | 20250605164224.0 | ||
| 008 | 250528s ||||||||||||||||||||||||d | ||
| 035 | _a20806 | ||
| 020 | _a9783790819243 | ||
| 040 |
_aGR-AtMCL _bgre _dGR-AtMCL _eAACR2 |
||
| 245 | 1 | _aRegionalisation, Growth, and Economic Integration / With 39 Figures and 66 Tables | |
| 260 |
_bPhysica Verlag, _c2006 |
||
| 300 | _a308 | ||
| 520 | _aThe purpose of this book is to analyze the process of regionalization and to plot its future development. Macroeconomic Issues of Regional Growth and Economic Integration, Microeconomic Issues of Regional Growth and Economic Integration, Policies and Institutions of Regional Integration, Challenges and Prospects for an Integrated Europe, Abbreviations, Index. | ||
| 700 | 1 |
_aKorres George M _96767 |
|
| 942 | _cBK | ||
| 999 |
_c5888 _d5888 |
||